000 01078nam a2200313 a 4500
999 _c129102
_d129102
001 539542
003 ARRUPE
005 20190228141208.0
008 870713s1986 sa a 000 0 eng d
010 _a 87155178
015 _aSA87-18
020 _a0869805304
035 _a(OCoLC)17687434
040 _aIU
_cDLC
_dDLC
042 _alccopycat
050 0 0 _aPR9360.S726
082 0 4 _a821.08
100 1 _aQabula, Alfred Temba.
_944904
245 1 0 _aBlack Mamba rising :
_bSouth African worker poets in struggle /
_cAlfred Temba Qabula, Mi S'dumo Hlatshwayo, Nise Malange ; edited by Ari Sitas.
260 _aDalbridge, Durban :
_bWorker Resistance and Culture Publications,
_cc1986.
300 _av, 75 p. :
_bill. ;
_c21 cm.
500 _aPoems.
700 1 _aHlatshwayo, Mi S'dumo.
_944905
700 1 _aMalange, Nise.
_944906
700 1 _aSitas, Ari.
_935375
906 _a7
_bcbc
_ccopycat
_d3
_encip
_f19
_gy-gencatlg
942 _2lcc
_cMONOGRAPH